000 00608nam a22001817a 4500
005 20251108175137.0
008 250721s1968 xx 000 0 ara d
082 1 4 _a813.0962/عيا
100 1 _aعياد، شكري محمد
245 1 0 _aالقصة القصيرة في مصر : دراسة في تأصيل فن أدبي /
264 1 _aالقاهرة :
_bمعهد البحوث و الدراسات العربية،
_c1968.
300 _a166ص.
650 1 7 _aالادب العربي
650 1 7 _aالقصة القصيرة
650 1 7 _aالنقد الادبي
942 _2ddc
_cBK
999 _c127218
_d127218